000 00648nam a22002177a 4500
999 _c127
_d127
005 20180807195128.0
008 180807b ||||| |||| 00| 0 eng d
020 _a1852400285
040 _cOCLC
082 _a248.4
_bG662F
100 _aGordon, Bob
245 _aThe Foundation Of the Christian Living:
_bA Practical Guide To Christian Growth
_cBob Gordon With David Fardouly
260 _aEngland
_bSovereign World
_cc1988
300 _a276p.
500 _aGlossary 271-275
521 _aBibliography given
650 _aDiscipline
_xChristian Life
650 _asoiritual Formation
700 _aDavid Fardouly
_eCo-Author
942 _2ddc
_cBK